000 00914nam a2200277Ia 4500
005 20250425162130.0
008 250425s9999 xx 000 0 und d
020 _a8482360892
041 _aspa
082 _a630
110 _aIDEA BOOKS
245 0 _aBIBLIOTECA DE LA AGRICULTURA
250 _a1A ED.
260 _aBARCELONA
260 _aEspaƱa
_bIDEA BOOKS
_c1950
300 _a768
500 _aEN CIBGZ-FIMCP D-30856 PARA ING. AFROP.
520 _aEN ESTA OBRA SE TRATAN DIVERSOS SECTORES DENTRO DE LA AGRICULTURA, COMO LA HORTICULTURA, LA FRUTICULTURA, LA FITOPATOLOGIA, LOS CULTIVOS EXTENSIVOS, LOS INVERNADEROS, EL SUELO Y LOS ABONOS, TODO ELLO ENGLOBADO EN ESTOS VOLUMENES.ESTE LIBRO CONTIENE: SUE
650 _aAGRICULTURA
650 _aFRUTAS Y HORTALIZAS
650 _aINVERNADEROS
650 _aMECANICA AGRICOLA
650 _aSUELO AGRICOLA
942 _c01
010 _a51879
999 _c222952
_d222952